00411nam a2200145 a 450000100100000000500170001000800410002702000150006804000250008310000230010824500580013125000110018926000380020030000270023800003623620200930075629.0120111s1985 ag a 000 0 spa d a9500201356 aDO-SdBNPbspacBNPHU1 aMartínez, Matias13aLa enfermera y los medicamentos /cMatias Martínez. a3a ed. aBuenos Aires :bEl ateneo,c1985. a262 p. :bil. ;c22 p.